Normal view
MARC view
Entry Topical Term
001 - CONTROL NUMBER
- control field: 30709
003 - CONTROL NUMBER IDENTIFIER
- control field: ARRUPE
005 - DATE AND TIME OF LATEST TRANSACTION
- control field: 20170510114208.0
008 - FIXED-LENGTH DATA ELEMENTS
- fixed length control field: 170510|| aca||aabn | a|a d
040 ## - CATALOGING SOURCE
- Original cataloging agency: ARRUPE
- Transcribing agency: ARRUPE
150 ## - HEADING--TOPICAL TERM
- Topical term or geographic name as entry element: Katama, Silvano
670 ## - SOURCE DATA FOUND
- Source citation: Work cat.: (ARRUPE)5823: Borruso, Silvano 30708, Prince Katama, 2008